000 00223nam a2200085Ia 4500
245 0 _aLittlenose the magician
100 _a Grant, John London, 2009
_9100819
942 _cBK
008 210818s9999 xx 000 0 und d
999 _c434162
_d434161